Schreckliche Länderschreibweisen, die von JetPunk akzeptiert werden #1 - Statistiken

Allgemein
  • Dieses Quiz wurde 85 mal gespielt
  • Das Durchschnittsergebnis liegt bei 14 aus 15
Antwortstatistiken
akzeptierte Schreibweise Land % Korrekt
elfinbinkuste Elfenbeinküste
99%
osterrich Österreich
99%
afganestan Afghanistan
97%
maritious Mauritius
97%
kazachstan Kasachstan
96%
venazeula Venezuela
96%
dcibuti Dschibuti
95%
tadhikstan Tadschikistan
95%
zentralafrikanise Zentralafrikanische Republik
95%
aszarbichen Aserbaidschan
94%
leeihctchenstien Liechtenstein
94%
aequatorelginea Äquatorial-Guinea
92%
manako Monaco
92%
saychelen Seychellen
92%
kirgaetan Kirgisistan
82%
Keine übereinstimmenden Quizze gefunden
Verteilung der Resultate
Anzahl Personen mit jedem Resultat
Perzentil nach korrekt beantworteten Fragen
Ihre Resultats-Entwicklung
Sie haben dieses Quiz noch nicht gespielt